000 00524nam a22001577a 4500
003 NUST
038 _aNusrat Nadeem
082 _a200
100 _aSyed Saad Ullah Shah,
_9133506
245 _aSynthetic Population and Household Generation using Graph Neural Networks/
_cShah, Syed Saad Ullah
264 _aIslamabad:
_bSEECS NUST.
_c2026
650 _aMS-Data Science
_9123017
700 _aSupervisor: Dr. Aimal Tariq Rextin
_9125107
856 _uhttp://10.250.8.41:8080/xmlui/handle/123456789/57416
942 _2ddc
_cSC
999 _c616465
_d616465